अंतर की आवाज / (Record no. 112506)
[ view plain ]
| 000 -LEADER | |
|---|---|
| fixed length control field | 00973nam a22002537a 4500 |
| 005 - DATE AND TIME OF LATEST TRANSACTION | |
| control field | 20170124102939.0 |
| 010 ## - LIBRARY OF CONGRESS CONTROL NUMBER | |
| LC control number | A-660949 |
| 020 ## - INTERNATIONAL STANDARD BOOK NUMBER | |
| Terms of availability | 120.00 |
| International Standard Book Number | 8173150613 |
| 035 ## - SYSTEM CONTROL NUMBER | |
| System control number | A-660949 |
| 037 ## - SOURCE OF ACQUISITION | |
| Source of stock number/acquisition | Cen Lib/Ret |
| 040 ## - CATALOGING SOURCE | |
| Original cataloging agency | DPL |
| Language of cataloging | HN |
| 082 ## - DEWEY DECIMAL CLASSIFICATION NUMBER | |
| Classification number | 921 |
| Item number | शर्माय |
| 100 ## - MAIN ENTRY--PERSONAL NAME | |
| Personal name | शर्मा, यज्ञदत्त |
| 9 (RLIN) | 47935 |
| 245 ## - TITLE STATEMENT | |
| Title | अंतर की आवाज / |
| Statement of responsibility, etc | यज्ञदत्त शर्मा |
| 246 ## - VARYING FORM OF TITLE | |
| Title proper/short title | Antar ki awaaz / |
| Remainder of title | by Yagyadutt Sharma |
| 260 ## - PUBLICATION, DISTRIBUTION, ETC. (IMPRINT) | |
| Place of publication, distribution, etc | दिल्ली |
| Name of publisher, distributor, etc | प्रभात प्रकाशन |
| Date of publication, distribution, etc | 1993 |
| 270 ## - ADDRESS | |
| City | दिल्ली |
| Address | चावडी बाज़ार |
| Postal code | 110006 |
| 300 ## - PHYSICAL DESCRIPTION | |
| Extent | 204पृ. |
| Dimensions | 21सेमी (सजिल्द) |
| 650 ## - SUBJECT ADDED ENTRY--TOPICAL TERM | |
| Topical term or geographic name as entry element | राजनेता |
| 9 (RLIN) | 47936 |
| 650 ## - SUBJECT ADDED ENTRY--TOPICAL TERM | |
| Topical term or geographic name as entry element | राजनीतिक संस्कृति |
| 9 (RLIN) | 1199 |
| 650 ## - SUBJECT ADDED ENTRY--TOPICAL TERM | |
| Topical term or geographic name as entry element | Politicians |
| 9 (RLIN) | 9392 |
| 650 ## - SUBJECT ADDED ENTRY--TOPICAL TERM | |
| Topical term or geographic name as entry element | Political culture |
| 9 (RLIN) | 35720 |
| 942 ## - ADDED ENTRY ELEMENTS (KOHA) | |
| Source of classification or shelving scheme | Dewey Decimal Classification |
| Koha item type | Hindi Books |
| Classification part | 921 |
| Call number suffix | शर्माय |
| Withdrawn status | Lost status | Damaged status | Not for loan | Home library | Current library | Date acquired | Source of acquisition | Cost, normal purchase price | Total Checkouts | Full call number | Barcode | Date last seen | Date checked out | Copy number | Cost, replacement price | Price effective from | Koha item type | Public note |
|---|---|---|---|---|---|---|---|---|---|---|---|---|---|---|---|---|---|---|
| Written off | Central Library | Central Library | 08/08/2015 | Cen Lib/Ret | 120.00 | 1 | 921 शर्माय | A-660949 | 08/06/2017 | 05/06/2017 | 1 | 120.00 | 08/08/2015 | Hindi Books | W/d List no. 9001/4 |
